Online
Catalog

Celebro mi fe en comunidad : (Record no. 49070)

MARC details
000 -CABECERA
campo de control de longitud fija 00829nam a22002297a 4500
003 - IDENTIFICADOR DEL NÚMERO DE CONTROL
campo de control OSt
005 - FECHA Y HORA DE LA ÚLTIMA TRANSACCIÓN
campo de control 20201105073953.0
008 - DATOS DE LONGITUD FIJA--INFORMACIÓN GENERAL
campo de control de longitud fija 760730m2012 dr a 000 spa
040 ## - FUENTE DE LA CATALOGACIÓN
Centro catalogador/agencia de origen DO-SdBNP
Lengua de catalogación spa
Centro/agencia transcriptor BNPHU
082 ## - NÚMERO DE LA CLASIFICACIÓN DECIMAL DEWEY
Número de clasificación xxxx
Número de documento/Ítem xxxx,
110 ## - ENTRADA PRINCIPAL--NOMBRE DE ENTIDAD CORPORATIVA
Nombre de entidad corporativa o nombre de jurisdicción como elemento de entrada Conferencia del Episcopado Dominicano
Unidad subordinada comisión nacional de catequesis (CONACA)
9 (RLIN) 77146
245 10 - MENCIÓN DE TÍTULO
Título Celebro mi fe en comunidad :
Resto del título la comunidad cristiana y la vivencia de la eucaristía /
260 ## - PUBLICACIÓN, DISTRIBUCIÓN, ETC.
Lugar de publicación, distribución, etc. Santo Domingo,
Nombre del editor, distribuidor, etc. Ediciones MSC
-- Conferencia del Episcopado Dominicano
Fecha de publicación, distribución, etc. 2012.
300 ## - DESCRIPCIÓN FÍSICA
Extensión 186 p.
Otras características físicas il.
Dimensiones 22 cm.
490 1# - MENCIÓN DE SERIE
Mención de serie Libro del Catequista ;
Designación de volumen o secuencia 4 ;
500 ## - NOTA GENERAL
Nota general Catequesis de iniciación cristiana.
504 ## - NOTA DE BIBLIOGRAFÍA, ETC.
Nota de bibliografía, etc. Bibliografía p: 186
521 ## - NOTA DE PÚBLICO DESTINATARIO
Nota de público destinatario 4to. Nivel
590 ## - NOTA LOCAL (RLIN)
Nota local Inventariado, 2020/ YL
830 #0 - PUNTO DE ACCESO ADICIONAL DE SERIE-TÍTULO UNIFORME
Título uniforme Libro del Catequista
Número de parte o sección de la obra 4
9 (RLIN) 77147
942 ## - ELEMENTOS DE PUNTO DE ACCESO ADICIONAL (KOHA)
Fuente del sistema de clasificación o colocación Dewey Decimal Classification
Tipo de ítem Koha Libro
Holdings
Estado de retiro Estado de pérdida Fuente del sistema de clasificación o colocación Restricciones de uso No para préstamo Código de colección Localización permanente Ubicación/localización actual Ubicación en estantería Fecha de adquisición Fuente de adquisición Total de préstamos Signatura topográfica completa Código de barras Fecha visto por última vez Precio válido a partir de Tipo de ítem Koha Número de copia
    Dewey Decimal Classification Excluido de préstamo Excluido de préstamo Patrimonio Dominicano Biblioteca Nacional Pedro Henríquez Ureña Biblioteca Nacional Pedro Henríquez Ureña En catalogación 19.02.2018 Amigo del Hogar   xxxx xxxx, 2020-0404 05.11.2020 05.11.2020 Libro y Folleto Colección Patrimonio Dominicano  
    Dewey Decimal Classification Excluido de préstamo Préstamo restrigido Patrimonio Dominicano Biblioteca Nacional Pedro Henríquez Ureña Biblioteca Nacional Pedro Henríquez Ureña En catalogación 19.02.2018 Amigo del Hogar   xxxx xxxx, 2020-0405 05.11.2020 05.11.2020 Libro y Folleto Colección Patrimonio Dominicano e. 2

Powered by Koha